célébrités rousses - Statistiques

Statistiques générales
  • Ce quiz a été pris 132 fois
  • Le résultat moyen est 6 sur 12
Statistiques - réponses
Par images Réponse % Correct
Ed SHEERAN
96%
Emma WATSON
89%
Vincent VAN GOGH
86%
Mylene FARMER
82%
Audrey FLEUROT
66%
Chuck NORRIS
52%
Rubert GRINT
52%
Bonnie WRIGHT
24%
roue de secours
24%
Karen GILLAN
8%
Ashtax
7%
Christina HENDRICKS
5%
Aucun quiz correspondant
Distribution des résultats
% des personnes avec chaque résultat
Percentile par nombre de réponses
Votre historique - résultats
Vous n’avez pas pris ce quiz